Nuestros años verde olivo

Saved in:
Bibliografiske detaljer
Hovedforfatter: Ampuero, Roberto (Author)
Format: Bog
Sprog:spansk
Udgivet: Santiago Planeta 2006
Udgivelse:6a. ed
Fag:
Tags: Tilføj Tag
Ingen Tags, Vær først til at tagge denne postø!

MARC

LEADER 00000nam a2200000 a 4500
001 UCM8560
003 CL-VaPUC
008 030321e20060600CL |||||||||||||||||spa|d
020 |a 9562474151 
082 0 4 |a Ch863  |b AMP  |2 21 
100 0 |a Ampuero, Roberto  |e author  |9 474639 
245 1 0 |a Nuestros años verde olivo 
250 |a 6a. ed 
300 |a 407 p 
942 |c BK 
945 |d 20030321 00:00:00  |a vberengu 
260 |a Santiago  |b Planeta  |c 2006 
650 0 |a Novelas chilenas   |9 265425 
650 0 |a Literatura chilena   |9 308278 
583 |a last modification  |c 20030321 00:00:00  |k Rodrigo Vera 
999 |c 303028  |d 303026 
952 |0 0  |1 0  |4 0  |6 CH_863_000000000000000_AMP_2006  |7 0  |8 A  |9 363963  |a BIBCUR  |b BIBCUR  |d 2019-11-21  |i 4369564  |o Ch863 AMP 2006  |p 4369564  |r 2025-04-22  |w 2019-11-21  |y BK  |k PER